|
|
|
|
| LEADER |
00000nam0a2200000 4500 |
| 001 |
119285 |
| 005 |
20231101215529.0 |
| 035 |
|
|
|a (RuTPU)RU\TPU\book\129088
|
| 090 |
|
|
|a 119285
|
| 100 |
|
|
|a 20070628d1971 m y0rusy50 ca
|
| 101 |
0 |
|
|a rus
|
| 102 |
|
|
|a RU
|
| 105 |
|
|
|a c z 000gy
|
| 200 |
1 |
|
|a Под небом России
|f М. В. Исаковский
|
| 210 |
|
|
|a Москва
|c Советская Россия
|d 1971
|
| 215 |
|
|
|a 384 с.
|c портр.
|
| 225 |
1 |
|
|a Поэтическая Россия
|
| 610 |
1 |
|
|a советская литература
|
| 610 |
1 |
|
|a поэзия
|
| 675 |
|
|
|a Р2
|v 3
|
| 700 |
|
1 |
|a Исаковский
|b М. В.
|c русский поэт
|f 1900-1973
|g Михаил Васильевич
|2 stltpush
|3 (RuTPU)RU\TPU\pers\7211
|9 1356
|
| 801 |
|
1 |
|a RU
|b 63413507
|c 20070628
|g PSBO
|
| 801 |
|
2 |
|a RU
|b 63413507
|c 20070920
|g PSBO
|
| 942 |
|
|
|c BK
|